000 01178nam a2200265Ia 4500
003 OSt
005 20221005110701.0
006 a|||||r|||| 00| 0
007 ta
008 221004b |||||||| |||| 00| 0 urd d
020 _a9788126713448 (hbk)
_c875
024 _a92429
037 _b582, 23/03/2009, Vani Prakashan
_cTextual
040 _aCRL
_cCRL
_burd
041 _2urd
_aurd
082 _aO168v, 152P7
100 _aफ़ारूक़ी, शम्सुर्रहमान
245 0 _aउर्दू का आरम्भिक युग
_b साहित्यिक संस्कृति एंव इतिहास के पहलू
246 _aUrdū kā ārambhik yuga: sāhityik sanskṛuti eanva itihās ke pahalū
260 _aनई दिल्ली
_bराजकमल प्रकाशन भारत
_c2007
300 _a151पृ0
_ccm.
700 _a कृष्णमोहन, संपा.
942 _hO168v, 152P7
_cTEXL
_2cc
999 _c1019582
_d1019582